فى صحبة العمالقة : (Record no. 15933)
[ view plain ]
| 000 -الفاتح | |
|---|---|
| حقل البيانات ثابتة الطول | 01184cam a22002655a 4500 |
| 003 - محدد رقم الضبط | |
| رقم الضبط | EG-ScBUE |
| 005 - وقت وتاريخ اخر تعامل مع التسجيلة | |
| رقم الضبط | 20190730143103.0 |
| 008 - عناصر البيانات ثابتة الطول - معلومات عامة | |
| حقل البيانات ثابتة الطول | 110828s1984 ua ||||gr||| 00|10 aaradd |
| 017 ## - رقم الإيداع القانونى | |
| رقم الإيداع القانونى | 84/2731 |
| 040 ## - مصدر الفهرسة | |
| وكالة الفهرسة الأصلية | EG- ScBUE |
| لغة الفهرسة | EG- ScBUE |
| وكالة النسخ | EG- ScBUE |
| 082 ## - رقم تصنيف ديوى العشرى | |
| رقم الطبعة | 22 |
| رقم التصنيف | 338.76 |
| رقم المادة | إ ي ف |
| 100 1# - المدخل الرئيسى - إسم شخصى | |
| 9 (RLIN) | 26948 |
| الإسم الشخصى | إيفاشيفا، فالينتينا. |
| 245 12 - بيان العنوان | |
| العنوان | فى صحبة العمالقة : |
| بقية العنوان | قصص نجاح أعظم مؤسسى شركات الكمبيوتر فى العالم / |
| بيان المسئوليه,etc | بقلم جاجر أورتيز ؛ ترجمة ليلى زيدان ؛ مراجعة فايزة حكيم |
| 260 ## - PUBLICATION, DISTRIBUTION, ETC. (IMPRINT) | |
| مكان الناشر او الموزع | القاهرة : |
| اسم الناشر او الموزع | الدار الدولية للاستثمارات الثقافية ، |
| تاريخ النشر أو التوزيع | 2001. |
| 300 ## - الوصف المادى | |
| التعداد | 363 ص ؛ |
| أبعاد الوعاء | 24 سم. |
| 650 #0 - المدخل الاضافى بالموضوع-مصطلح موضوعى | |
| 9 (RLIN) | 26949 |
| مصطلح موضوعي أو اسم جغرافي كعنصر مدخل | الشركات الدولية |
| مصدر الرأس أو المصطلح | BUEsh |
| 650 #0 - المدخل الاضافى بالموضوع-مصطلح موضوعى | |
| 9 (RLIN) | 26950 |
| مصطلح موضوعي أو اسم جغرافي كعنصر مدخل | الشركات الإستثمارية |
| مصدر الرأس أو المصطلح | BUEsh |
| 650 #0 - المدخل الاضافى بالموضوع-مصطلح موضوعى | |
| 9 (RLIN) | 26951 |
| مصطلح موضوعي أو اسم جغرافي كعنصر مدخل | الحسابات الالكترونية |
| التقسيم الفرعي العام | تنظيم وإدارة |
| مصدر الرأس أو المصطلح | BUEsh |
| 651 ## - المدخل الاضافى بالموضوع - اسم جغرافى | |
| مصدر الرأس أو المصطلح | BUEsh |
| 653 ## - مصطلح تكشيفى غير مقيد | |
| Arrived date list | August2011 |
| 700 1# - المدخل الاضافى - اسم شخصى | |
| 9 (RLIN) | 26947 |
| الإسم الشخصى | أورتيز ، جاجر |
| الدور | بقلم |
| 700 1# - المدخل الاضافى - اسم شخصى | |
| 9 (RLIN) | 26952 |
| الإسم الشخصى | زيدان ، ليلى |
| الدور | ترجمة |
| 700 1# - المدخل الاضافى - اسم شخصى | |
| 9 (RLIN) | 16084 |
| الإسم الشخصى | حكيم، فايزة |
| الدور | مراجعة |
| 942 ## - عناصر المدخل الإضافي( كوها) | |
| مصدر التصنيف او مخطط الترفيف | Dewey Decimal Classification |
| Koha [default] item type | Book - Borrowing |
| حالة التراجع | حالة الفقد | مصدر التصنيف او خطة الترفيف | حالة تلف | ليس للاعارة | مجموعات كوها | المكان الدائم | المكان الحالي | موقع الترفيف | تاريخ الاكتساب | Source of acquisition | رقم الاستدعاء | الباركود | Date last seen | نوع الوعاء |
|---|---|---|---|---|---|---|---|---|---|---|---|---|---|---|
| Dewey Decimal Classification | Alef-Baa | Central Library | Central Library | First floor | 28/08/2011 | 338.76 أ و ر | 000024628 | 15/07/2025 | Book - Borrowing |